000 00401cam a2200169ua 4500
020 _c1.50
041 _amal
_h
082 _a894.8124
_bEZH/IL
100 _aEzhuthachan, K N .
245 _aIlayum verum /
_cK N Ezhuthachan.
_hTextual Documents
260 _aThrissur :
_bCurrent Books ,
_c1958.
300 _a112 ; .
365 _a1.50
504 _a
942 _cBK
999 _c5827
_d5827